|
|
|
|
| LEADER |
01234nam a2200349 a 4500 |
| 001 |
000366725 |
| 003 |
CZ BrMZK |
| 005 |
20210322144004.0 |
| 007 |
ta |
| 008 |
980115s1998 xr e 0 cze d |
| 015 |
|
|
|a cnb000371312
|
| 020 |
|
|
|a 80-85993-40-6
|
| 035 |
|
|
|a (OCoLC)40790184
|
| 040 |
|
|
|a BOA001
|b cze
|
| 072 |
|
7 |
|a 25
|x Náboženství, mytologie, kulty
|2 Konspekt
|9 5
|
| 080 |
|
|
|a 257.6
|2 MRF
|
| 080 |
|
|
|a 2-58
|2 MRF
|
| 080 |
|
|
|a 27-313-526.7
|2 MRF
|
| 080 |
|
|
|a (048.8)
|2 MRF
|
| 100 |
1 |
|
|a Matthews, John,
|d 1948-
|7 xx0011714
|4 aut
|
| 245 |
1 |
0 |
|a Keltská spiritualita a hledání grálu :
|b [duchovní cvičení pro současného člověka : Artušovské tradice] /
|c John Matthews.
|
| 260 |
|
|
|a Praha :
|b Alternativa,
|c c1998
|
| 300 |
|
|
|a 141 s. :
|b il. ;
|c 21 cm
|
| 600 |
0 |
7 |
|a Artuš,
|c král (legendární postava)
|7 jo2016908844
|
| 650 |
0 |
7 |
|a keltská mytologie
|7 ph114902
|2 czenas
|
| 650 |
0 |
7 |
|a spiritualita
|7 ph116237
|2 czenas
|
| 650 |
0 |
7 |
|a grál
|7 ph120620
|2 czenas
|
| 655 |
|
7 |
|a studie
|7 fd133597
|2 czenas
|
| 765 |
0 |
|
|t <<The >>Elements of the Arthurian tradition
|
| 910 |
|
|
|a BOA001
|b 2-1051.251
|
| 990 |
|
|
|a BK
|
| 996 |
6 |
|
|b 2610080664
|c 2-1051.251
|l MZK
|r Sklad / do 1 hodiny
|n 21
|p p.v.
|w 000366725
|u 000010
|a 1
|e BOA001
|j MZK50
|s P
|